Rumpelstiltskin / (Record no. 112068)
[ view plain ]
| 000 -LEADER | |
|---|---|
| fixed length control field | 00512nam a2200193 a 4500 |
| 001 - CONTROL NUMBER | |
| control field | 3822 |
| 005 - DATE AND TIME OF LATEST TRANSACTION | |
| control field | 20140414131927.0 |
| 008 - FIXED-LENGTH DATA ELEMENTS--GENERAL INFORMATION | |
| fixed length control field | 061014s19uu xx 00 eng d |
| 020 ## - INTERNATIONAL STANDARD BOOK NUMBER | |
| International Standard Book Number | 0-7214-1567-9 |
| 050 ## - LIBRARY OF CONGRESS CALL NUMBER | |
| Classification number | ER |
| Item number | R82 1993 |
| 245 ## - TITLE STATEMENT | |
| Title | Rumpelstiltskin / |
| Statement of responsibility, etc | illustrated by Martin Aitchison. |
| 260 ## - PUBLICATION, DISTRIBUTION, ETC. (IMPRINT) | |
| Place of publication, distribution, etc | Leicerstershire, UK : |
| Name of publisher, distributor, etc | Ladybird Books, |
| Date of publication, distribution, etc | 1993. |
| 300 ## - PHYSICAL DESCRIPTION | |
| Extent | p. ; cm. |
| 440 ## - SERIES STATEMENT/ADDED ENTRY--TITLE | |
| Title | Favourite tales |
| 650 ## - SUBJECT ADDED ENTRY--TOPICAL TERM | |
| Topical term or geographic name as entry element | Elf |
| General subdivision | fiction. |
| 650 ## - SUBJECT ADDED ENTRY--TOPICAL TERM | |
| Topical term or geographic name as entry element | Children stories. |
| Withdrawn status | Lost status | Damaged status | Use restrictions | Home library | Current library | Shelving location | Date acquired | Source of acquisition | Total Checkouts | Full call number | Barcode | Date last seen | Price effective from | Koha item type |
|---|---|---|---|---|---|---|---|---|---|---|---|---|---|---|
| Munich Library | Munich Library | Easy Reading Section | 10/14/2006 | ER R82 1993 | M3082 | 04/14/2014 | 04/14/2014 | Books | ||||||
| Munich Library | Munich Library | Easy Reading Section | 01/22/2011 | ER R82 1993 | M3808 | 04/14/2014 | 04/14/2014 | Books |